Dynastie Władców Polski - Statystyki

Ogólne statystyki
  • Ten quiz został rozwiązany 150 razy
  • Średni wynik to 7 z 11
Statystyki odpowiedzi
Lata Panowania Dynastia % Poprawnych
960-1370 Piastowie
99%
1386-1572 Jagiellonowie
93%
1587 - 1668 Wazowie
82%
1370-1399 Andegawenowie
63%
1764 - 1795 Poniatowscy
59%
1674 - 1696 Sobiescy
53%
1704 - 1736 Leszczyńscy
51%
1576 - 1586 Batory
48%
1573 - 1575 Walezjusze
46%
1669 - 1673 Wiśniowieccy
45%
1697 - 1763 Wettynowie
38%
Nie znaleziono quizów pasujących do podanych kryteriów
Rozkład punktacji
Procent ludzi z każdym wynikiem
Percentyl według liczby udzielonych odpowiedzi
Twoja historia wyników
Nie rozwiązałeś tego quizu